000 00831nam a22002412 4500
001 18110
003 BD-RjUL
005 20211209000234.0
008 140219s1959 enk 000 0 eng d
035 _aOCLC ocm13640819 from D970115M
_a(BD-RjUL)18168
040 _aGZD
_cGZD
_dUKM
_dEQO
_dBD-RjUL
_beng
041 _aeng
082 0 4 _a821.8
_218
_bTES 1959
100 1 _aTennyson, Alfred Tennyson,
_d1809-1892.
_955805
245 1 0 _aSelected poems of Tennyson /
_ced. with an introduction by Sir John Squire.
260 _aLondon :
_bMacmillan,
_c1959.
300 _axx,315 p. :
_c16 cm.
490 1 _aGolden treasury series
650 _aTennyson, Alfred Tennyson, -- Baron, -- 1809-1892.
_955806
700 1 _aSquire, John Collings,
_cSir,
_d1884-1958.
_955807
830 0 _aGolden treasury series
_955816
942 _2ddc
_cBK
999 _c18110
_d18110